ARRUPE JESUIT UNIVERSITY

CORONAVIRUS -STOP THE SPREAD - CLEAN,DISINFECT,COVER

Impressions of South Afrca / (Record no. 87)

MARC details
000 -LEADER
fixed length control field 00451nam a2200193Ia 4500
003 - CONTROL NUMBER IDENTIFIER
control field 0100
008 - FIXED-LENGTH DATA ELEMENTS--GENERAL INFORMATION
fixed length control field 130227s9999 xx 000 0 und d
040 ## - CATALOGING SOURCE
Transcribing agency ARRUPELIB
050 ## - LIBRARY OF CONGRESS CALL NUMBER
Classification number DT773.B92
100 ## - MAIN ENTRY--PERSONAL NAME
Personal name Bryce, James Bryce
9 (RLIN) 39674
245 ## - TITLE STATEMENT
Title Impressions of South Afrca /
260 ## - PUBLICATION, DISTRIBUTION, ETC. (IMPRINT)
Place of publication, distribution, etc New York
Name of publisher, distributor, etc Century
Date of publication, distribution, etc 1897
300 ## - PHYSICAL DESCRIPTION
Extent xxii
300 ## - PHYSICAL DESCRIPTION
Other physical details 499p 21cm
650 ## - SUBJECT ADDED ENTRY--TOPICAL TERM
Topical term or geographic name as entry element Africa, South
General subdivision Politics
9 (RLIN) 31181
650 ## - SUBJECT ADDED ENTRY--TOPICAL TERM
Topical term or geographic name as entry element Orange Free State
9 (RLIN) 39675
650 ## - SUBJECT ADDED ENTRY--TOPICAL TERM
Topical term or geographic name as entry element Africa, South -
General subdivision Description & travel
9 (RLIN) 39414
650 ## - SUBJECT ADDED ENTRY--TOPICAL TERM
Topical term or geographic name as entry element Transvaal
9 (RLIN) 39676
650 ## - SUBJECT ADDED ENTRY--TOPICAL TERM
Topical term or geographic name as entry element South African War
9 (RLIN) 30443
650 ## - SUBJECT ADDED ENTRY--TOPICAL TERM
Topical term or geographic name as entry element Africa, South
General subdivision History
9 (RLIN) 30477
942 ## - ADDED ENTRY ELEMENTS (KOHA)
Source of classification or shelving scheme Library of Congress Classification
Item type Monograph ( Printed materials)
Holdings
Withdrawn status Lost status Source of classification or shelving scheme Damaged status Not for loan Collection code Home library Current library Shelving location Date acquired Total Checkouts Full call number Barcode Date last seen Copy number Price effective from Koha item type
    Library of Congress Classification     Main Collection ARRUPE LIBRARY ARRUPE LIBRARY   27/02/2013   DT773.B92 46400372 07/12/2017 1 27/02/2013 Monograph ( Printed materials)
    Library of Congress Classification       ARRUPE LIBRARY ARRUPE LIBRARY   10/03/2014   SPC DT753.B92 46500001978 05/07/2018 2 10/03/2014 Monograph ( Printed materials)
    Library of Congress Classification       ARRUPE LIBRARY ARRUPE LIBRARY   10/03/2014   SPC DT773.B92 46500001979 05/07/2018 3 10/03/2014 Monograph ( Printed materials)

 

Arrupe Library. PO Box MP320 Mt Pleasant, Harare, Zimbabwe
263 242 745411|librarian@aju.ac.zw